Georgia : Poverty Reduction Strategy Paper Progress Report- Joint Staff Advisory Note.

The Joint Staff Advisory Note (JSAN) on the Poverty Reduction Strategy Paper Progress Report on Georgia evaluates the strengths and weaknesses of the poverty reduction objectives and strategies. Participation of stakeholders in the poverty reduction strategy process has been satisfactory. The growth...

Mô tả đầy đủ

Chi tiết về thư mục
Tác giả của công ty: International Monetary Fund
Định dạng: Tạp chí
Ngôn ngữ:English
Được phát hành: Washington, D.C. : International Monetary Fund, 2005.
Loạt:IMF Staff Country Reports; Country Report ; No. 2005/210
Truy cập trực tuyến:Full text available on IMF
LEADER 01668cas a2200241 a 4500
001 AALejournalIMF003643
008 230101c9999 xx r poo 0 0eng d
020 |c 5.00 USD 
020 |z 9781451814583 
022 |a 1934-7685 
040 |a BD-DhAAL  |c BD-DhAAL 
110 2 |a International Monetary Fund. 
245 1 0 |a Georgia :   |b Poverty Reduction Strategy Paper Progress Report- Joint Staff Advisory Note. 
264 1 |a Washington, D.C. :  |b International Monetary Fund,  |c 2005. 
300 |a 1 online resource (10 pages) 
490 1 |a IMF Staff Country Reports 
500 |a <strong>Off-Campus Access:</strong> No User ID or Password Required 
500 |a <strong>On-Campus Access:</strong> No User ID or Password Required 
506 |a Electronic access restricted to authorized BRAC University faculty, staff and students 
520 3 |a The Joint Staff Advisory Note (JSAN) on the Poverty Reduction Strategy Paper Progress Report on Georgia evaluates the strengths and weaknesses of the poverty reduction objectives and strategies. Participation of stakeholders in the poverty reduction strategy process has been satisfactory. The growth basis for the strategy needs to be strengthened through the construction of a financially viable power grid with reliable supply of electricity to all regions of Georgia. Governance and public service delivery improvements need to be promoted through the further empowerment of civil society. 
538 |a Mode of access: Internet 
830 0 |a IMF Staff Country Reports; Country Report ;  |v No. 2005/210 
856 4 0 |z Full text available on IMF  |u http://elibrary.imf.org/view/journals/002/2005/210/002.2005.issue-210-en.xml  |z IMF e-Library